Child witness

Gespeichert in:  
Bibliographische Detailangaben
1. VerfasserIn: Goodman, Gail S. (Verfasst von)
Medienart: Druck Aufsatz
Sprache:Englisch
Veröffentlicht: 1984
In: Journal of social issues
Jahr: 1984, Band: 40, Heft: 2, Seiten: 1-175
Verfügbarkeit prüfen: HBZ Gateway
Schlagwörter:

MARC

LEADER 00000caa a22000002c 4500
001 163140816X
003 DE-627
005 20220607125402.0
007 tu
008 130313s1984 xx ||||| 00| ||eng c
035 |a (DE-627)163140816X 
035 |a (DE-576)379923688 
035 |a (DE-599)BSZ379923688 
040 |a DE-627  |b ger  |c DE-627  |e rakwb 
041 |a eng 
100 1 |a Goodman, Gail S.  |4 aut 
245 1 0 |a Child witness  |c Gail S. Goodman 
264 1 |c 1984 
336 |a Text  |b txt  |2 rdacontent 
337 |a ohne Hilfsmittel zu benutzen  |b n  |2 rdamedia 
338 |a Band  |b nc  |2 rdacarrier 
773 0 8 |i In  |t Journal of social issues  |d Hoboken, NJ : Wiley, 1945  |g 40(1984), 2, Seite 1-175  |w (DE-627)129078719  |w (DE-600)3068-5  |w (DE-576)014411288  |x 0022-4537  |7 nnas 
773 1 8 |g volume:40  |g year:1984  |g number:2  |g pages:1-175 
951 |a AR 
ELC |b 1 
LOK |0 000 xxxxxcx a22 zn 4500 
LOK |0 001 3282135963 
LOK |0 003 DE-627 
LOK |0 004 163140816X 
LOK |0 005 20251112083809 
LOK |0 008 130313||||||||||||||||ger||||||| 
LOK |0 040   |a DE-21-110  |c DE-627  |d DE-21-110 
LOK |0 689   |a s  |a Forensische Psychologie 
LOK |0 689   |a s  |a Kinderzeugen 
LOK |0 852   |z Kein Bestand am IfK; Nachweis für KrimDok 
LOK |0 852   |a DE-21-110 
LOK |0 852 1  |m v  |9 00 
LOK |0 935   |a k110 
LOK |0 938   |k v 
LOK |0 939   |a 13-03-13  |b l01 
ORI |a SA-MARC-krimdoka001.raw